[Event "Ghent Taminco op 32nd"]
[Site "Ghent"]
[Date "2009.07.21"]
[Round "7"]
[White "Rademakers, Maarten"]
[Black "Lee, Graham D"]
[Result "1/2-1/2"]
[WhiteElo "2066"]
[BlackElo "2264"]
[PlyCount "36"]
[EventDate "2009.07.18"]
[EventType "swiss"]
[EventRounds "9"]
[EventCountry "BEL"]
[SourceTitle "CBM 131 Extra"]
[Source "ChessBase"]
[SourceDate "2009.09.03"]
[SourceVersion "2"]
[SourceVersionDate "2009.09.16"]
[SourceQuality "1"]

1. c4 Nf6 2. Nc3 c5 3. g3 e6 4. Bg2 d5 5. cxd5 exd5 6. d4 cxd4 7. Qxd4 Nc6 8. Qd1 d4 9. Ne4 Nxe4 10. Bxe4 Qa5+ 11. Bd2 Qb6 12. Qb3 Qxb3 13. axb3 Be6 14. Nf3 Bxb3 15. Bxc6+ bxc6 16. Nxd4 Bd5 17. 0-0 Bc5 18. Bc3 Kd7 1/2-1/2

[Event "Ghent Taminco op 32nd"]
[Site "Ghent"]
[Date "2009.07.20"]
[Round "5"]
[White "Verhaeren, Gertjan"]
[Black "Lee, Graham D"]
[Result "0-1"]
[WhiteElo "1952"]
[BlackElo "2264"]
[PlyCount "74"]
[EventDate "2009.07.18"]
[EventType "swiss"]
[EventRounds "9"]
[EventCountry "BEL"]
[SourceTitle "CBM 131 Extra"]
[Source "ChessBase"]
[SourceDate "2009.09.03"]
[SourceVersion "2"]
[SourceVersionDate "2009.09.16"]
[SourceQuality "1"]

1. d4 Nf6 2. c4 c5 3. d5 e5 4. Nc3 d6 5. e4 Be7 6. g3 Nbd7 7. Bg2 0-0 8. Nge2 Ne8 9. 0-0 Kh8 10. a3 g6 11. Bh6 Ng7 12. Qd2 Nf6 13. Rae1 Ng4 14. Bxg7+ Kxg7 15. h3 Nf6 16. Nc1 Nd7 17. Nd3 a6 18. f4 Bf6 19. Kh2 h5 20. f5 h4 21. g4 Bg5 22. Qe2 b5 23. b3 bxc4 24. bxc4 Qa5 25. Qc2 Rb8 26. fxg6 fxg6 27. Rxf8 Kxf8 28. Rf1+ Kg7 29. Nb1 Nf6 30. a4 Bd7 31. Nc3 Be3 32. Ra1 Bd4 33. Ra3 Rb4 34. Nb2 Qb6 35. Ra2 Rb3 36. a5 Qb4 37. Ncd1 Qe1 0-1

[Event "Ghent Taminco op 31st"]
[Site "Ghent"]
[Date "2008.07.22"]
[Round "8"]
[White "Muhren, Bianca"]
[Black "Lee, Graham D"]
[Result "1-0"]
[WhiteElo "2278"]
[BlackElo "2269"]
[PlyCount "47"]
[EventDate "2008.07.19"]
[EventType "swiss"]
[EventRounds "9"]
[EventCountry "BEL"]
[SourceTitle "CBM 125 Extra"]
[Source "ChessBase"]
[SourceDate "2008.09.01"]
[SourceVersion "1"]
[SourceVersionDate "2008.09.01"]
[SourceQuality "1"]

1. e4 c6 2. d4 d5 3. exd5 cxd5 4. c4 Nf6 5. Nc3 Nc6 6. Nf3 Bg4 7. cxd5 Nxd5 8. Qb3 Bxf3 9. gxf3 Nb6 10. Be3 e6 11. 0-0-0 Be7 12. d5 exd5 13. Bxb6 axb6 14. Nxd5 0-0 15. Rg1 Bf6 16. Kb1 Nd4 17. Nxf6+ Qxf6 18. Qc3 Rac8 19. Qxd4 Rfd8 20. Qa4 Qf5+ 21. Ka1 Rxd1+ 22. Qxd1 Qxf3 23. Bc4 Qxf2 24. Qg4 1-0

[Event "Ghent Taminco op 31st"]
[Site "Ghent"]
[Date "2008.07.21"]
[Round "5"]
[White "Lee, Graham D"]
[Black "Klundt, Klaus"]
[Result "1/2-1/2"]
[WhiteElo "2269"]
[BlackElo "2361"]
[PlyCount "32"]
[EventDate "2008.07.19"]
[EventType "swiss"]
[EventRounds "9"]
[EventCountry "BEL"]
[SourceTitle "CBM 125 Extra"]
[Source "ChessBase"]
[SourceDate "2008.09.01"]
[SourceVersion "1"]
[SourceVersionDate "2008.09.01"]
[SourceQuality "1"]

1. e4 c5 2. c3 d5 3. exd5 Qxd5 4. d4 Nf6 5. Nf3 Bg4 6. Be2 e6 7. h3 Bh5 8. 0-0 Nc6 9. Be3 cxd4 10. Nxd4 Bxe2 11. Qxe2 a6 12. Rd1 Be7 13. c4 Nxd4 14. Bxd4 Qc6 15. Nc3 0-0 16. b3 Rfd8 1/2-1/2

[Event "Ghent Taminco op 31st"]
[Site "Ghent"]
[Date "2008.07.20"]
[Round "4"]
[White "Michiels, Bart"]
[Black "Lee, Graham D"]
[Result "1/2-1/2"]
[WhiteElo "2442"]
[BlackElo "2269"]
[PlyCount "42"]
[EventDate "2008.07.19"]
[EventType "swiss"]
[EventRounds "9"]
[EventCountry "BEL"]
[SourceTitle "CBM 125 Extra"]
[Source "ChessBase"]
[SourceDate "2008.09.01"]
[SourceVersion "1"]
[SourceVersionDate "2008.09.01"]
[SourceQuality "1"]

1. e4 e6 2. d4 d5 3. Nc3 Bb4 4. e5 Qd7 5. Nge2 b6 6. Nf4 Ba6 7. Qg4 Bf8 8. Bxa6 Nxa6 9. Nh5 f5 10. exf6 Nxf6 11. Qe2 Nxh5 12. Qxh5+ Qf7 13. Qe2 Nb4 14. a3 Nc6 15. Nxd5 Nxd4 16. Qe4 0-0-0 17. Ne3 Kb8 18. 0-0 Ne2+ 19. Kh1 Rd4 20. Qf3 Qxf3 21. gxf3 Bd6 1/2-1/2

[Event "BCF-chT 0708 (4NCL)"]
[Site "Sunningdale"]
[Date "2007.09.16"]
[Round "2.6"]
[White "Nixon, Thomas CM"]
[Black "Lee, Graham D"]
[Result "0-1"]
[WhiteElo "2195"]
[BlackElo "2276"]
[PlyCount "66"]
[EventDate "2007.09.15"]
[EventType "team-tourn"]
[EventRounds "11"]
[EventCountry "ENG"]
[SourceTitle "EXT 2008"]
[Source "ChessBase"]
[SourceDate "2007.11.25"]
[SourceVersion "1"]
[SourceVersionDate "2007.11.25"]
[SourceQuality "1"]
[WhiteTeam "Richmond"]
[BlackTeam "Wood Green London"]
[WhiteTeamCountry "ENG"]
[BlackTeamCountry "ENG"]

1. d4 Nf6 2. c4 c5 3. d5 e5 4. Nc3 d6 5. e4 Be7 6. h3 Nbd7 7. Be3 0-0 8. Bd3 Ne8 9. Qd2 g6 10. g4 Ng7 11. Nge2 f5 12. gxf5 gxf5 13. exf5 Nxf5 14. Qc2 Nxe3 15. Bxh7+ Kh8 16. fxe3 Bg5 17. 0-0-0 Bxe3+ 18. Kb1 Qh4 19. Bd3 Nf6 20. Rdf1 Bd7 21. Rf3 Bh6 22. Ng3 Nxd5 23. Rxf8+ Rxf8 24. Nxd5 Qxg3 25. Ne7 Rf2 26. Qb3 Rh2 27. Rd1 Qf3 28. Bc2 Rxh3 29. Qxf3 Rxf3 30. Rg1 Bg5 31. Be4 Re3 32. Ng6+ Kg7 33. Bc2 e4 0-1

[Event "BCF-chT 0708 (4NCL)"]
[Site "Sunningdale"]
[Date "2007.09.15"]
[Round "1.6"]
[White "Lee, Graham D"]
[Black "Sharpe, Ian"]
[Result "0-1"]
[WhiteElo "2276"]
[BlackElo "2290"]
[PlyCount "102"]
[EventDate "2007.09.15"]
[EventType "team-tourn"]
[EventRounds "11"]
[EventCountry "ENG"]
[SourceTitle "EXT 2008"]
[Source "ChessBase"]
[SourceDate "2007.11.25"]
[SourceVersion "1"]
[SourceVersionDate "2007.11.25"]
[SourceQuality "1"]
[WhiteTeam "Wood Green London"]
[BlackTeam "Guildford II"]
[WhiteTeamCountry "ENG"]
[BlackTeamCountry "ENG"]

1. e4 e6 2. d4 d5 3. e5 c5 4. c3 Nc6 5. Nf3 Bd7 6. a3 c4 7. Bf4 Na5 8. Nbd2 Bc6 9. Be2 Qd7 10. a4 Ne7 11. 0-0 Nc8 12. Qc2 Nb6 13. Bd1 Be7 14. Re1 Qd8 15. b4 cxb3 16. Nxb3 Nxb3 17. Qxb3 Nc4 18. Nd2 Na5 19. Qa2 Rc8 20. Re3 g5 21. Bg3 h5 22. h3 Kd7 23. Be2 Kc7 24. f4 Kb8 25. Rf3 g4 26. hxg4 hxg4 27. Re3 Qg8 28. Qb1 Qg7 29. Qf1 Rh5 30. c4 dxc4 31. Nxc4 Nxc4 32. Bxc4 Qh7 33. Kf2 Qc2+ 34. Qe2 Bxa4 35. Bd3 Qxe2+ 36. Bxe2 Bc6 37. Bxg4 Rhh8 38. f5 Bd5 39. Bf3 Rhd8 40. f6 Bb4 41. Bh5 Rd7 42. Rd1 a5 43. Bf4 a4 44. Re2 Bb3 45. Rd3 Bc4 46. Rb2 Bxd3 47. Rxb4 Rc4 48. Bd2 a3 49. Rxc4 Bxc4 50. Bc3 Rc7 51. Ke3 Bd5 0-1

[Event "BCF-chT 0607 (4NCL)"]
[Site "Sunningdale"]
[Date "2006.09.17"]
[Round "2.6"]
[White "Lee, Graham D"]
[Black "Crouch, Colin S"]
[Result "0-1"]
[WhiteElo "2290"]
[BlackElo "2366"]
[PlyCount "34"]
[EventDate "2006.09.16"]
[EventType "team"]
[EventRounds "11"]
[EventCountry "ENG"]
[SourceTitle "EXT 2008"]
[Source "ChessBase"]
[SourceDate "2007.11.25"]
[SourceVersion "1"]
[SourceVersionDate "2007.11.25"]
[SourceQuality "1"]
[WhiteTeam "Wood Green"]
[BlackTeam "Hilsmark Kingfisher"]
[WhiteTeamCountry "ENG"]
[BlackTeamCountry "ENG"]

1. e4 c5 2. c3 d6 3. d4 Nf6 4. Bd3 g6 5. f4 Bg7 6. Nf3 0-0 7. 0-0 cxd4 8. cxd4 Nc6 9. d5 Nb4 10. Nc3 Qb6+ 11. Kh1 Ng4 12. a3 Nxd3 13. Qxd3 Nf2+ 14. Rxf2 Qxf2 15. Na4 Bd7 16. Be3 Bb5 17. Qb3 Bxa4 0-1

[Event "BCF-chT2 0506 (4NCL)"]
[Site "Birmingham"]
[Date "2006.04.30"]
[Round "10.5"]
[White "Gayson, Peter"]
[Black "Lee, Graham D"]
[Result "1-0"]
[WhiteElo "2233"]
[BlackElo "2283"]
[PlyCount "99"]
[EventDate "2005.10.22"]
[EventType "team"]
[EventRounds "11"]
[EventCountry "ENG"]
[SourceTitle "EXT 2007"]
[Source "ChessBase"]
[SourceDate "2006.11.23"]
[SourceVersion "1"]
[SourceVersionDate "2006.11.23"]
[SourceQuality "1"]
[WhiteTeam "White Rose"]
[BlackTeam "Wood Green III"]
[WhiteTeamCountry "ENG"]
[BlackTeamCountry "ENG"]

1. e4 c6 2. d4 d5 3. e5 Bf5 4. Nf3 e6 5. Be2 Bg4 6. 0-0 c5 7. c4 dxc4 8. Bxc4 Nc6 9. d5 exd5 10. Bxd5 Qd7 11. Qb3 Bxf3 12. Bxf3 0-0-0 13. Bxc6 Qxc6 14. Qxf7 g6 15. Bg5 Re8 16. Nc3 Bh6 17. Qf4 Bg7 18. Rfe1 h6 19. Bh4 g5 20. Qf5+ Qe6 21. Qxe6+ Rxe6 22. Bg3 Ne7 23. Ne4 b6 24. Nd6+ Kb8 25. Rad1 Nc6 26. Nf5 Bxe5 27. Rd5 Rhe8 28. Ng7 Bxg3 29. Rxe6 Rxe6 30. Nxe6 Be5 31. Nd8 Nxd8 32. Rxe5 Nc6 33. Re2 Kc7 34. Rd2 Ne5 35. Kf1 Kc6 36. Ke2 b5 37. Rd8 c4 38. Rc8+ Kd5 39. Rd8+ Kc5 40. a3 a5 41. f3 b4 42. axb4+ axb4 43. g3 b3 44. f4 gxf4 45. gxf4 Nd3 46. Rxd3 cxd3+ 47. Kxd3 Kd5 48. Ke3 h5 49. h4 Kc4 50. Ke4 1-0

[Event "BCF-chT2 0506 (4NCL)"]
[Site "Birmingham"]
[Date "2005.11.19"]
[Round "3.5"]
[White "Lee, Graham D"]
[Black "Blackburn, Jonathan LB"]
[Result "1-0"]
[WhiteElo "2283"]
[BlackElo "2208"]
[PlyCount "77"]
[EventDate "2005.10.22"]
[EventType "team"]
[EventRounds "11"]
[EventCountry "ENG"]
[SourceTitle "EXT 2007"]
[Source "ChessBase"]
[SourceDate "2006.11.23"]
[SourceVersion "1"]
[SourceVersionDate "2006.11.23"]
[SourceQuality "1"]
[WhiteTeam "Wood Green III"]
[BlackTeam "SW Dragons"]
[WhiteTeamCountry "ENG"]
[BlackTeamCountry "ENG"]

1. e4 e6 2. d4 d5 3. e5 c5 4. c3 Nc6 5. Nf3 Qb6 6. a3 c4 7. Qc2 Bd7 8. Bf4 h6 9. h4 Na5 10. Nbd2 0-0-0 11. Be2 Ne7 12. h5 Kb8 13. g4 Ka8 14. Nh4 Nec6 15. 0-0 Be7 16. Bg3 Rc8 17. Kg2 Nb3 18. Nxb3 cxb3 19. Qd1 Na5 20. Bd3 Bb5 21. Qe2 Bxd3 22. Qxd3 Nc4 23. Qe2 Nxa3 24. bxa3 Rxc3 25. Nf3 b2 26. Rab1 Bxa3 27. Bf4 Rhc8 28. Bd2 Rc2 29. Qe3 Bb4 30. Rfd1 a5 31. Qb3 Qa6 32. Bxb4 axb4 33. Rxb2 Qe2 34. Rd2 Rxb2 35. Rxb2 Qe4 36. Kg3 g5 37. hxg6 fxg6 38. Qxb4 Rd8 39. Qxb7# 1-0

[Event "Ghent op 28th"]
[Site "Ghent"]
[Date "2005.07.19"]
[Round "8"]
[White "Biedekoepper, Robert"]
[Black "Lee, Graham D"]
[Result "1-0"]
[WhiteElo "2149"]
[BlackElo "2283"]
[PlyCount "73"]
[EventDate "2005.07.16"]
[EventType "swiss"]
[EventRounds "9"]
[EventCountry "BEL"]
[SourceTitle "CBM 107 Extra"]
[Source "ChessBase"]
[SourceDate "2005.09.01"]
[SourceVersion "1"]
[SourceVersionDate "2005.09.01"]
[SourceQuality "1"]

1. d4 Nf6 2. c4 c5 3. d5 e5 4. Nc3 d6 5. e4 Be7 6. Be2 0-0 7. Nf3 Nbd7 8. 0-0 Ne8 9. a3 g6 10. Rb1 f5 11. b4 b6 12. Nd2 Bg5 13. Nb3 Bxc1 14. Rxc1 Qh4 15. f3 f4 16. bxc5 bxc5 17. Na5 Ndf6 18. Qe1 Qh6 19. Qf2 g5 20. Nc6 Rf7 21. Nd8 Re7 22. Rb1 Qg6 23. Rfd1 g4 24. Qh4 g3 25. hxg3 fxg3 26. Bd3 Bd7 27. Nc6 Rf7 28. Rb7 a6 29. Rdb1 Kf8 30. Bc2 Nh5 31. Ne2 Nf4 32. Nc3 Qg7 33. Nb8 Rxb8 34. Rxb8 Rf6 35. R1b7 Rh6 36. Rxd7 Rxh4 37. Rxe8+ 1-0

[Event "Ghent op 28th"]
[Site "Ghent"]
[Date "2005.07.17"]
[Round "4"]
[White "Lee, Graham D"]
[Black "Ikonnikov, Vyacheslav"]
[Result "0-1"]
[WhiteElo "2283"]
[BlackElo "2560"]
[PlyCount "52"]
[EventDate "2005.07.16"]
[EventType "swiss"]
[EventRounds "9"]
[EventCountry "BEL"]
[SourceTitle "CBM 107 Extra"]
[Source "ChessBase"]
[SourceDate "2005.09.01"]
[SourceVersion "1"]
[SourceVersionDate "2005.09.01"]
[SourceQuality "1"]

1. e4 c5 2. c3 Nf6 3. e5 Nd5 4. d4 cxd4 5. Nf3 e6 6. cxd4 d6 7. a3 Bd7 8. Bd3 Bc6 9. 0-0 Nd7 10. b4 a6 11. Bd2 dxe5 12. dxe5 Qc7 13. Qe2 g6 14. Re1 Bg7 15. Ra2 0-0 16. Rc2 Qb8 17. h4 Ne7 18. Bg5 Bxf3 19. Qxf3 Nc6 20. Qh3 Ndxe5 21. Bf4 Nd4 22. Qg3 Nxd3 23. Bxb8 Nxe1 24. Rd2 Raxb8 25. Kf1 Nec2 26. Qd3 Rbc8 0-1

[Event "GBR-ch"]
[Site "Scarborough"]
[Date "2004.08.07"]
[Round "6"]
[White "Lee, Graham D"]
[Black "Adams, David M"]
[Result "0-1"]
[WhiteElo "2316"]
[BlackElo "2180"]
[PlyCount "86"]
[EventDate "2004.08.02"]
[EventType "swiss"]
[EventRounds "11"]
[EventCountry "ENG"]
[SourceTitle "CBM 101 Extra"]
[Source "ChessBase"]
[SourceDate "2004.09.01"]
[SourceVersion "2"]
[SourceVersionDate "2004.09.01"]
[SourceQuality "1"]

1. e4 e5 2. Nf3 Nf6 3. d4 Nxe4 4. Bd3 d5 5. Nxe5 Nd7 6. Nxd7 Bxd7 7. 0-0 Qh4 8. c4 0-0-0 9. cxd5 Nf6 10. Nc3 Bd6 11. f4 Rde8 12. Qf3 g5 13. Qg3 Qxg3 14. hxg3 g4 15. Bd2 Bb4 16. Rae1 h5 17. Re5 h4 18. gxh4 Rxh4 19. Rxe8+ Bxe8 20. g3 Rh3 21. Kg2 Bd7 22. Rf2 Bxc3 23. bxc3 Nh5 24. Bf1 Nxg3 25. Be1 Bf5 26. Rd2 Be4+ 27. Kf2 Nxf1 28. Kxf1 Rh1+ 29. Ke2 Rh2+ 30. Ke3 Rxd2 31. Kxd2 Bxd5 32. a3 Kd7 33. Kd3 b5 34. Bh4 Ke6 35. Ke3 Bc4 36. Bd8 c6 37. Bh4 Bd5 38. Be1 Bg2 39. Kf2 Be4 40. Ke3 Kd5 41. Bh4 Bh1 42. Be7 f5 43. Bc5 a6 0-1

[Event "GBR-ch"]
[Site "Scarborough"]
[Date "2004.08.05"]
[Round "4"]
[White "Lee, Graham D"]
[Black "Gregory, Stephen J"]
[Result "1-0"]
[WhiteElo "2316"]
[BlackElo "2180"]
[PlyCount "109"]
[EventDate "2004.08.02"]
[EventType "swiss"]
[EventRounds "11"]
[EventCountry "ENG"]
[SourceTitle "CBM 101 Extra"]
[Source "ChessBase"]
[SourceDate "2004.09.01"]
[SourceVersion "2"]
[SourceVersionDate "2004.09.01"]
[SourceQuality "1"]

1. e4 d5 2. exd5 Qxd5 3. Nf3 Nf6 4. d4 Bg4 5. Be2 e6 6. h3 Bh5 7. 0-0 Nc6 8. c4 Qd8 9. Qb3 Bxf3 10. Bxf3 Nxd4 11. Qxb7 Rb8 12. Bc6+ Nxc6 13. Qxc6+ Qd7 14. Qxd7+ Kxd7 15. b3 Bc5 16. Bb2 Ne4 17. Nc3 Nxc3 18. Bxc3 f6 19. Rad1+ Kc6 20. Rfe1 e5 21. Rd5 Rhd8 22. Red1 Rd6 23. b4 Bxb4 24. Rb1 a5 25. Rxd6+ Kxd6 26. a3 Kc5 27. axb4+ axb4 28. Be1 Kxc4 29. Rc1+ Kd3 30. Rxc7 b3 31. Bc3 b2 32. Bxb2 Rxb2 33. Rxg7 Ke2 34. Rf7 Rb6 35. f3 h5 36. h4 Ke3 37. Kh2 Kf2 38. Rh7 Kf1 39. Kh3 Rb2 40. Rxh5 Rxg2 41. Rf5 Kf2 42. h5 Rg8 43. Rxf6 Ke3 44. Kh4 e4 45. fxe4 Kxe4 46. h6 Ke5 47. h7 Rh8 48. Rf7 Ke6 49. Ra7 Kf6 50. Kh5 Rb8 51. Kh6 Rc8 52. Ra1 Kf7 53. Rf1+ Ke7 54. Kg7 Rc2 55. Re1+ 1-0

[Event "GBR-ch"]
[Site "Scarborough"]
[Date "2004.08.03"]
[Round "2"]
[White "Lee, Graham D"]
[Black "Ledger, Andrew"]
[Result "0-1"]
[WhiteElo "2316"]
[BlackElo "2452"]
[PlyCount "106"]
[EventDate "2004.08.02"]
[EventType "swiss"]
[EventRounds "11"]
[EventCountry "ENG"]
[SourceTitle "CBM 101 Extra"]
[Source "ChessBase"]
[SourceDate "2004.09.01"]
[SourceVersion "2"]
[SourceVersionDate "2004.09.01"]
[SourceQuality "1"]

1. e4 c6 2. d4 d5 3. e5 Bf5 4. Nc3 e6 5. g4 Bg6 6. Nge2 Nd7 7. h4 h5 8. Nf4 Ne7 9. Nxg6 Nxg6 10. gxh5 Nxh4 11. Qg4 Nf5 12. Bd3 Nh6 13. Bxh6 Rxh6 14. 0-0-0 Qb6 15. Bg6 fxg6 16. Qxe6+ Kd8 17. Qf7 Qb4 18. hxg6 Rxh1 19. Rxh1 Qe7 20. Qf5 Kc7 21. f4 b5 22. Qg4 Qb4 23. f5 Re8 24. Qg1 Nb6 25. a3 Qc4 26. Rh3 b4 27. axb4 Bxb4 28. f6 Qa6 29. Nb1 Nc4 30. c3 Qa1 31. Qh2 Bf8 32. Rh7 Na3 33. bxa3 Bxa3+ 34. Kd2 Qxb1 35. Rxg7+ Kb6 36. Qh7 Bc1+ 37. Ke2 Qc2+ 38. Kf1 Qd3+ 39. Kg2 Qe4+ 40. Kh3 Qf3+ 41. Kh4 Rh8 42. Rb7+ Ka6 43. Rxa7+ Kb5 44. Qxh8 Qh1+ 45. Kg3 Qxh8 46. Rh7 Qg8 47. Rg7 Qc8 48. Re7 Qf5 49. g7 Bf4+ 50. Kg2 Qg4+ 51. Kf1 Be3 52. Rb7+ Kc4 53. Rb2 Kd3 0-1

[Event "GBR-ch"]
[Site "Scarborough"]
[Date "2004.08.02"]
[Round "1"]
[White "Clarke, Thomas M"]
[Black "Lee, Graham D"]
[Result "0-1"]
[WhiteElo "2132"]
[BlackElo "2316"]
[PlyCount "116"]
[EventDate "2004.08.02"]
[EventType "swiss"]
[EventRounds "11"]
[EventCountry "ENG"]
[SourceTitle "CBM 101 Extra"]
[Source "ChessBase"]
[SourceDate "2004.09.01"]
[SourceVersion "2"]
[SourceVersionDate "2004.09.01"]
[SourceQuality "1"]

1. d4 Nf6 2. Bg5 e6 3. e4 h6 4. Bxf6 Qxf6 5. Nc3 Bb4 6. Qd3 d6 7. 0-0-0 0-0 8. Nf3 Nd7 9. Ne2 c5 10. c3 Ba5 11. g4 e5 12. h4 exd4 13. cxd4 cxd4 14. g5 Qe6 15. Qa3 Bb6 16. Nexd4 Qxe4 17. Bd3 Qf4+ 18. Kb1 Ne5 19. Nxe5 Bxd4 20. Nf3 Bc5 21. Qc3 Bb4 22. Qd4 Qxd4 23. Nxd4 Bc5 24. Be4 Re8 25. f3 Rb8 26. Nb5 Re6 27. Nc7 Re5 28. a3 Bf5 29. Bxf5 Rxf5 30. gxh6 gxh6 31. Rd3 h5 32. Nd5 Re8 33. f4 Re2 34. Ka2 Kf8 35. Kb3 b5 36. Nc3 Re3 37. Kc2 Rxd3 38. Kxd3 Rxf4 39. Nxb5 a6 40. Nc3 a5 41. Ne4 Ke7 42. Re1 Kd7 43. Rh1 a4 44. Rc1 Rxh4 45. Rc4 Rh3+ 46. Kc2 Rh2+ 47. Kc3 Be3 48. Rxa4 f5 49. Kd3 Bc1 50. Ng3 Ke6 51. b4 Rh3 52. Kc2 Rxg3 53. Kxc1 h4 54. b5 h3 55. Kb2 Rg4 56. Ra8 Rh4 57. Re8+ Kd5 58. Re1 Kc5 0-1

[Event "BCF-chT3 0304 (4NCL)"]
[Site "West Bromwich"]
[Date "2004.05.29"]
[Round "7.2"]
[White "Spice, Alan"]
[Black "Lee, Graham D"]
[Result "1-0"]
[WhiteElo "2161"]
[BlackElo "2329"]
[PlyCount "59"]
[EventDate "2003.11.23"]
[EventType "team"]
[EventRounds "11"]
[EventCountry "ENG"]
[SourceTitle "EXT 2005"]
[Source "ChessBase"]
[SourceDate "2004.11.15"]
[SourceVersion "1"]
[SourceVersionDate "2004.11.15"]
[SourceQuality "1"]
[WhiteTeam "SW Dragons II"]
[BlackTeam "Wood Green III"]
[WhiteTeamCountry "ENG"]
[BlackTeamCountry "ENG"]

1. Nc3 d5 2. e4 c6 3. d4 dxe4 4. Nxe4 Nd7 5. Bc4 Ngf6 6. Nxf6+ Nxf6 7. c3 Nd5 8. Nf3 Bg4 9. 0-0 e6 10. Qd3 Bf5 11. Qe2 Bd6 12. Re1 Qc7 13. Ne5 0-0-0 14. Bd3 Bxd3 15. Qxd3 f6 16. Nf3 Rde8 17. c4 Nf4 18. Bxf4 Bxf4 19. g3 Bd6 20. d5 e5 21. Rac1 c5 22. Nd2 g6 23. Ne4 Rhf8 24. b4 f5 25. Nxd6+ Qxd6 26. Qa3 cxb4 27. Qxa7 Kc7 28. Qa5+ Kb8 29. Rb1 b6 30. Rxb4 1-0

[Event "BCF-chT3 0304 (4NCL)"]
[Site "West Bromwich"]
[Date "2004.01.25"]
[Round "4.2"]
[White "Mangwengwende, John"]
[Black "Lee, Graham D"]
[Result "0-1"]
[WhiteElo "2140"]
[BlackElo "2329"]
[PlyCount "74"]
[EventDate "2003.11.23"]
[EventType "team"]
[EventRounds "11"]
[EventCountry "ENG"]
[SourceTitle "EXT 2005"]
[Source "ChessBase"]
[SourceDate "2004.11.15"]
[SourceVersion "1"]
[SourceVersionDate "2004.11.15"]
[SourceQuality "1"]
[WhiteTeam "The ADS II"]
[BlackTeam "Wood Green III"]
[WhiteTeamCountry "ENG"]
[BlackTeamCountry "ENG"]

1. e4 c6 2. d4 d5 3. e5 Bf5 4. Nf3 e6 5. Be2 Bg4 6. c3 c5 7. 0-0 Bxf3 8. Bxf3 cxd4 9. cxd4 Qb6 10. b3 Nc6 11. Be3 Nh6 12. Nc3 Ba3 13. Na4 Qa5 14. Bd2 Qc7 15. Bc1 Be7 16. Bb2 0-0 17. Rc1 f6 18. exf6 Rxf6 19. Nc5 Bd6 20. g3 Qf7 21. Bg2 g5 22. Qd2 Rf5 23. Bh3 g4 24. Qxh6 Bxc5 25. Bxg4 Rf6 26. Qd2 Bb6 27. Bc3 Rf8 28. Rc2 Qg6 29. Bd1 R8f7 30. b4 e5 31. b5 Nxd4 32. Rb2 Rxf2 33. Rxf2 Rxf2 34. Qxf2 Ne6 35. Qxb6 axb6 36. Bb3 Qd3 37. Rc2 Nc5 0-1

[Event "BCF-ch"]
[Site "Edinburgh"]
[Date "2003.07.14"]
[Round "1"]
[White "Gallagher, Joseph G"]
[Black "Lee, Graham D"]
[Result "1-0"]
[WhiteElo "2520"]
[BlackElo "2360"]
[PlyCount "55"]
[EventDate "2003.07.14"]
[EventType "swiss"]
[EventRounds "11"]
[EventCountry "SCO"]
[SourceTitle "CBM 095 Extra"]
[Source "ChessBase"]
[SourceDate "2003.09.04"]
[SourceVersion "1"]
[SourceVersionDate "2003.09.04"]
[SourceQuality "1"]

1. e4 c6 2. d4 d5 3. Nc3 dxe4 4. Nxe4 Nd7 5. Ng5 Ngf6 6. Bd3 e6 7. N1f3 h6 8. Nxe6 Qe7 9. 0-0 fxe6 10. Bg6+ Kd8 11. Bf4 Nd5 12. Bg3 Qb4 13. Qe2 Ne7 14. c3 Qa5 15. b4 Qb5 16. Bd3 Qh5 17. Qxe6 Qd5 18. Qe2 Nf5 19. Bf4 Qf7 20. Bc4 Qg6 21. Rad1 Qg4 22. Qd2 Nh4 23. Nxh4 Qxh4 24. d5 c5 25. Rfe1 g5 26. Bg3 Qxc4 27. Qe3 Nf6 28. Qe5 1-0

[Event "BCF-chT4 0203 fin (4NCL)"]
[Site "Telford"]
[Date "2003.05.24"]
[Round "9.1"]
[White "Lee, Graham D"]
[Black "Westwood, Richard D"]
[Result "0-1"]
[WhiteElo "2367"]
[BlackElo "1720"]
[PlyCount "66"]
[EventDate "2003.04.??"]
[EventType "team"]
[EventRounds "3"]
[EventCountry "ENG"]
[SourceTitle "EXT 2004"]
[Source "ChessBase"]
[SourceDate "2003.11.25"]
[SourceVersion "1"]
[SourceVersionDate "2003.11.25"]
[SourceQuality "1"]
[WhiteTeam "Wood Green III"]
[BlackTeam "The ADS III"]
[WhiteTeamCountry "ENG"]
[BlackTeamCountry "ENG"]

1. e4 e5 2. Nf3 Nc6 3. Bc4 Bc5 4. b4 Bb6 5. a4 a6 6. Bb2 d6 7. b5 Na5 8. Be2 Nf6 9. d3 c6 10. Na3 0-0 11. 0-0 Ng4 12. d4 f5 13. exf5 e4 14. Nd2 Nf6 15. f3 Bxf5 16. fxe4 Bxe4 17. Rxf6 Qxf6 18. Nxe4 Qf4 19. Bf3 Qe3+ 20. Kh1 d5 21. Ng3 Rae8 22. Nf1 Qf2 23. bxa6 bxa6 24. Bc3 Rf4 25. Bxa5 Bxa5 26. Qd3 Rxd4 27. Qxa6 Be1 28. Ng3 Bb4 29. Qf1 Qxf1+ 30. Nxf1 Bc3 31. Rb1 Rxa4 32. Rb3 Bb4 33. c4 Re1 0-1

[Event "BCF-chT 0203 (4NCL)"]
[Site "West Bromwich"]
[Date "2003.01.18"]
[Round "3.7"]
[White "Headlong, Timothy"]
[Black "Lee, Graham D"]
[Result "1-0"]
[WhiteElo "2208"]
[BlackElo "2367"]
[PlyCount "95"]
[EventDate "2002.11.??"]
[EventType "team"]
[EventRounds "11"]
[EventCountry "ENG"]
[SourceTitle "EXT 2004"]
[Source "ChessBase"]
[SourceDate "2003.11.25"]
[SourceVersion "1"]
[SourceVersionDate "2003.11.25"]
[SourceQuality "1"]
[WhiteTeam "Bristol"]
[BlackTeam "Wood Green II"]
[WhiteTeamCountry "ENG"]
[BlackTeamCountry "ENG"]

1. Nf3 Nf6 2. c4 c5 3. Nc3 e6 4. g3 b6 5. Bg2 Bb7 6. 0-0 a6 7. d4 cxd4 8. Qxd4 d6 9. Rd1 Be7 10. b3 Nbd7 11. e4 0-0 12. Ba3 Nc5 13. e5 dxe5 14. Qxd8 Rfxd8 15. Nxe5 Bxg2 16. Kxg2 Bf8 17. Bxc5 Bxc5 18. Na4 Kf8 19. b4 Bxb4 20. Nxb6 Bc3 21. Nxa8 Rxa8 22. Nd7+ Nxd7 23. Rac1 Bb2 24. Rc2 Nb6 25. Rxb2 Nxc4 26. Rb7 g5 27. Rdb1 Kg7 28. Rb8 Ra7 29. R1b7 Rxb7 30. Rxb7 a5 31. Rb5 f5 32. Rc5 Nd2 33. Rxa5 Kf6 34. Ra7 h5 35. f4 gxf4 36. gxf4 Nc4 37. Rh7 Kg6 38. Rc7 Na3 39. h4 Kf6 40. Kf3 Nb5 41. Rh7 Nd4+ 42. Kf2 Kg6 43. Rd7 Nb5 44. a4 Nc3 45. a5 Ne4+ 46. Kg2 Nc5 47. Rc7 Nd3 48. Rc4 1-0